000 00983nam a2200301 i 4500
001 000045117
003 DO-SdBNP
005 20251113125424.0
007 ta
008 150203s1995 dr 000 f spa d
040 _aDO-SdBNP
_bspa
_cBNPHU
_erda
041 _aspa
082 4 _aRD863.44
_bB171c 1995
_222
100 1 _a Balaguer, Joaquín,
_d1906-2002
_eautor
_4aut.
_976556
245 1 4 _aLos carpinteros /
_cJoaquín Balaguer.
250 _aUndécima edición
264 4 _aSanto Domingo, República Dominicana :
_bEditora Corripio,
_c©1995.
300 _a431 páginas ;
_c23 cm.
336 _atexto
_btxt
_2rdacontent
337 _asin mediación
_bn
_2rdamedia
338 _avolumen
_bn
_2rdacarrier
590 _aInventariado, 2020/MFF
650 4 _aNovela histórica dominicana.
_9860
650 4 _aLiteratura dominicana.
_967
651 4 _aRepública Dominicana
_xHistoria
_y1844-1930
_vNovela
_973132
910 _aValidado. Control de calidad MFF
942 _2ddc
_cLBS1
999 _c44606
_d44606